Statistics for Longest river in each continent

Click here to take the quiz!

General Stats

  • This quiz has been taken 39 times
    (13 since last reset)
  • The average score is 5 of 6

Answer Stats

HintAnswer% Correct
South AmericaAmazon
100%
North AmericaMississippi
100%
AfricaNile
91%
AustraliaMurray
82%
EuropeVolga
82%
AsiaYangtze
73%

Score Distribution

Percentile by Number Answered

Percent of People with Each Score

Your Score History

You have not taken this quiz since the last reset